Most Common Animals - Pokémon Categories - Statistics

General Stats
  • This quiz has been taken 204 times
  • The average score is 13 of 14
Answer Stats
# Hint Answer % Correct
5 Boltund, Dachsbun, Greavard... Dog
99%
7 Floragato, Litten, Meowth... Cat
98%
5 Glastrier, Mudsdale, Ponyta... Horse
98%
15 Archen, Archeops, Dodrio... Bird
97%
5 Carracosta, Squirtle, Tirtouga... Turtle
96%
5 Charmander, Drizzile, Salandit... Lizard
95%
5 Azumarill, Buneary, Lopunny... Rabbit
95%
14 Basculegion,Clodsire, Eelektrik... Fish
94%
11 Braixen, Delphox, Fennekin... Fox
93%
10 Dudunsparce, Dunsparce, Ekans... Snake
92%
6 Annihilape, Grafaiai, Pansage... Monkey
89%
5 Fidough, Growlithe, Lillipup... Puppy
79%
5 Poliwag, Poliwhirl, Poliwrath... Tadpole
74%
13 Bidoof, Cyndaquil, Marill... Mouse
73%
No matching quizzes found
Score Distribution
Percent of People with Each Score
Percentile by Number Answered
Your Score History
You have not taken this quiz